00631cam a22001813a 450000100060000000300060000600500170001200800410002904000150007004200070008510000190009224501880011126000290029950600300032851600200035883000290037885600420040745153PGUSA20140828084031.0140317s2014||||xxu|||||s|||||000 | eng d aPGUSAbeng adc1 aCroston, James10aHistoric Sites of Lancashire and Cheshire :bA Wayfarer's Notes in the Palatine Counties, Historical, Legendary, Genealogical, and Descriptive.h[electronic resource] /cJames Croston bProject Gutenberg,c2014 aPublic domain in the USA. aElectronic text 0aProject Gutenbergv4515340uhttp://www.gutenberg.org/ebooks/45153